[Event "Oberliga Nord W 1718"]
[Site "Germany"]
[Date "2018.03.18"]
[Round "8.6"]
[White "David, Adrian"]
[Black "Petzold, Lutz Lukas"]
[Result "1/2-1/2"]
[WhiteElo "2250"]
[BlackElo "2249"]
[PlyCount "119"]
[EventDate "2017.10.08"]
[EventType "team-tourn"]
[EventRounds "9"]
[EventCountry "GER"]
[SourceTitle "EXT 2019"]
[Source "ChessBase"]
[SourceDate "2018.10.10"]
[SourceVersion "1"]
[SourceVersionDate "2018.10.10"]
[SourceQuality "1"]
[WhiteTeam "Hameln"]
[BlackTeam "Goettingen Tempo"]
[WhiteTeamCountry "GER"]
[BlackTeamCountry "GER"]

1. Nf3 Nf6 2. c4 g6 3. Nc3 d5 4. cxd5 Nxd5 5. e4 Nxc3 6. dxc3 Qxd1+ 7. Kxd1 Bg7 8. Bf4 c6 9. Bc4 Bg4 10. Kc2 Bxf3 11. gxf3 Nd7 12. Rad1 Ne5 13. Be2 Rd8 14. Be3 b6 15. a4 0-0 16. f4 Nd7 17. e5 Bh6 18. b4 Nb8 19. h4 Rxd1 20. Rxd1 Rc8 21. Bg4 e6 22. h5 Bf8 23. hxg6 hxg6 24. Bf3 Be7 25. Ra1 Rc7 26. a5 b5 27. Rd1 Kf8 28. Kb3 Rb7 29. Be4 Kg7 30. Rd2 Kf8 31. Rd4 Ke8 32. c4 bxc4+ 33. Rxc4 Kd7 34. Ka4 Kd8 35. Rd4+ Kc7 36. Bd3 c5 37. bxc5 Nc6 38. Rc4 Rb2 39. Ka3 Rb5 40. Ra4 Bxc5+ 41. Ka2 Rb4 42. Ra3 Bd4 43. Rb3 Bxe3 44. fxe3 Rxb3 45. Kxb3 Nxa5+ 46. Kb4 Kb6 47. Bb5 Nc6+ 48. Kc4 g5 49. Ba4 g4 50. Kd3 Kc5 51. Ke2 a5 52. Kf2 Ne7 53. Be8 Kd5 54. Kg3 Nf5+ 55. Kxg4 Nxe3+ 56. Kg5 Nf5 57. Kf6 Ke4 58. Bxf7 Kxf4 59. Bxe6 Nd4 60. Ba2 1/2-1/2

[Event "Oberliga Nord W 1617"]
[Site "Germany"]
[Date "2017.04.23"]
[Round "8.7"]
[White "Adibekian, Roubik"]
[Black "Petzold, Lutz Lukas"]
[Result "1/2-1/2"]
[WhiteElo "2218"]
[BlackElo "2250"]
[PlyCount "52"]
[EventDate "2016.10.16"]
[EventType "team-tourn"]
[EventRounds "9"]
[EventCountry "GER"]
[SourceTitle "EXT 2018"]
[Source "ChessBase"]
[SourceDate "2017.10.13"]
[SourceVersion "1"]
[SourceVersionDate "2017.10.13"]
[SourceQuality "1"]
[WhiteTeam "Hannover"]
[BlackTeam "Goettingen Tempo"]
[WhiteTeamCountry "GER"]
[BlackTeamCountry "GER"]

1. d4 Nf6 2. Nf3 g6 3. Bg5 Bg7 4. Nbd2 d5 5. e3 0-0 6. Bd3 Nbd7 7. 0-0 b6 8. Qe2 c5 9. c3 Bb7 10. e4 cxd4 11. cxd4 dxe4 12. Nxe4 Nxe4 13. Bxe4 Bxe4 14. Qxe4 Nf6 15. Qe2 Qd6 16. Rfe1 Rfe8 17. Rac1 Nd5 18. Qd2 Rac8 19. a3 e6 20. Rxc8 Rxc8 21. Rc1 Rc6 22. Bh4 Qc7 23. Rxc6 Qxc6 24. Bg3 Qc4 25. h4 h5 26. Be5 Qc8 1/2-1/2

[Event "Oberliga Nord W 1617"]
[Site "Germany"]
[Date "2017.03.19"]
[Round "7.8"]
[White "Wagner, Jan"]
[Black "Petzold, Lutz Lukas"]
[Result "1/2-1/2"]
[WhiteElo "2137"]
[BlackElo "2250"]
[PlyCount "91"]
[EventDate "2016.10.16"]
[EventType "team-tourn"]
[EventRounds "9"]
[EventCountry "GER"]
[SourceTitle "EXT 2018"]
[Source "ChessBase"]
[SourceDate "2017.10.13"]
[SourceVersion "1"]
[SourceVersionDate "2017.10.13"]
[SourceQuality "1"]
[WhiteTeam "Oldenburg Union"]
[BlackTeam "Goettingen Tempo"]
[WhiteTeamCountry "GER"]
[BlackTeamCountry "GER"]

1. Nf3 Nf6 2. c4 g6 3. b4 Bg7 4. Bb2 0-0 5. g3 c6 6. Bg2 d5 7. Na3 Qb6 8. Qb3 Na6 9. Rb1 Bf5 10. Bd4 c5 11. bxc5 Nxc5 12. Bxc5 Qxc5 13. d3 dxc4 14. Nxc4 Rab8 15. a4 Be6 16. 0-0 Rfc8 17. Rfc1 Bh6 18. Rc2 Ng4 19. Rf1 b5 20. axb5 Rxb5 21. Qa3 Bxc4 22. Qxc5 Rbxc5 23. Rxc4 Rxc4 24. dxc4 Rxc4 25. h3 Nf6 26. Ne5 Rc2 27. Ra1 Rxe2 28. Nc6 Kf8 29. Bf3 Rd2 30. Rxa7 e6 31. Ra5 Nd7 32. Ne5 Nxe5 33. Rxe5 Bg7 34. Re2 Rd3 35. Kg2 Bd4 36. Be4 Ra3 37. h4 f5 38. Bb1 e5 39. h5 Kg7 40. hxg6 hxg6 41. Rd2 Ra4 42. Ra2 Rb4 43. Bc2 Kf6 44. Bd1 e4 45. Ra4 Rxa4 46. Bxa4 1/2-1/2

[Event "Oberliga Nord W 1617"]
[Site "Germany"]
[Date "2017.01.15"]
[Round "4.7"]
[White "Petzold, Lutz Lukas"]
[Black "Elmali, Timur"]
[Result "1/2-1/2"]
[WhiteElo "2250"]
[BlackElo "2143"]
[PlyCount "79"]
[EventDate "2016.10.16"]
[EventType "team-tourn"]
[EventRounds "9"]
[EventCountry "GER"]
[SourceTitle "EXT 2018"]
[Source "ChessBase"]
[SourceDate "2017.10.13"]
[SourceVersion "1"]
[SourceVersionDate "2017.10.13"]
[SourceQuality "1"]
[WhiteTeam "Goettingen Tempo"]
[BlackTeam "Werder Bremen"]
[WhiteTeamCountry "GER"]
[BlackTeamCountry "GER"]

1. e4 d6 2. d4 Nf6 3. Nc3 g6 4. Bg5 Bg7 5. Qd2 c6 6. Bh6 Bxh6 7. Qxh6 Qa5 8. 0-0-0 Be6 9. a3 Nbd7 10. Qd2 0-0-0 11. Nf3 h6 12. d5 Bg4 13. Be2 cxd5 14. exd5 Kb8 15. h3 Bxf3 16. Bxf3 Rc8 17. Ne4 Qxd2+ 18. Rxd2 Nxe4 19. Bxe4 Nc5 20. Re2 Nxe4 21. Rxe4 Rhe8 22. Rhe1 Rc7 23. Rf4 Rf8 24. Rh4 h5 25. Rhe4 Re8 26. g4 hxg4 27. hxg4 Kc8 28. Rh1 Kd7 29. Rh7 Rf8 30. Rf4 Ke8 31. Kd2 Rc5 32. Rd4 Kd7 33. c3 e5 34. dxe6+ Kxe6 35. f4 d5 36. Rh2 Kd6 37. Kd3 Re8 38. Rh7 Ke6 39. Rh2 Kd6 40. Rh7 1/2-1/2

[Event "Oberliga Nord W 1213"]
[Site "Germany"]
[Date "2012.12.09"]
[Round "4.3"]
[White "Petzold, Lutz Lukas"]
[Black "Hummel, Erik Jan"]
[Result "0-1"]
[WhiteElo "2269"]
[BlackElo "2281"]
[PlyCount "68"]
[EventDate "2012.10.14"]
[EventType "team-tourn"]
[EventRounds "9"]
[EventCountry "GER"]
[SourceTitle "EXT 2014"]
[Source "ChessBase"]
[SourceDate "2013.11.20"]
[SourceVersion "1"]
[SourceVersionDate "2013.11.20"]
[SourceQuality "1"]
[WhiteTeam "Goettingen Tempo"]
[BlackTeam "Esens"]
[WhiteTeamCountry "GER"]
[BlackTeamCountry "GER"]

1. e4 e6 2. d4 d5 3. Nd2 Nf6 4. e5 Nfd7 5. Bd3 c5 6. c3 Nc6 7. Ne2 cxd4 8. cxd4 f6 9. exf6 Nxf6 10. 0-0 Bd6 11. Nf3 Qc7 12. Bg5 0-0 13. Bh4 Nh5 14. Qc2 h6 15. Bh7+ Kh8 16. Bg6 Rxf3 17. gxf3 Bxh2+ 18. Kh1 Nf4 19. Bg3 Bxg3 20. fxg3 Nxe2 21. Qxe2 Qxg3 22. Qg2 Qh4+ 23. Qh2 Qf6 24. Bd3 Nxd4 25. Rae1 Bd7 26. Qe5 Rf8 27. Qxf6 Rxf6 28. Kg2 g5 29. Kg3 Rf4 30. Rf2 Kg7 31. Rh1 Bc6 32. Re1 h5 33. Rh1 h4+ 34. Kg2 Nxf3 0-1

[Event "BL2-West 1112"]
[Site "Germany"]
[Date "2012.01.15"]
[Round "5.5"]
[White "Petzold, Lutz Lukas"]
[Black "Helbig, Mark"]
[Result "1/2-1/2"]
[WhiteElo "2261"]
[BlackElo "2327"]
[PlyCount "67"]
[EventDate "2011.10.02"]
[EventType "team-tourn"]
[EventRounds "9"]
[EventCountry "GER"]
[SourceTitle "EXT 2015"]
[Source "ChessBase"]
[SourceDate "2014.11.20"]
[SourceVersion "1"]
[SourceVersionDate "2014.11.20"]
[SourceQuality "1"]
[WhiteTeam "Goettingen Tempo"]
[BlackTeam "Koeln SF"]
[WhiteTeamCountry "GER"]
[BlackTeamCountry "GER"]

1. e4 d5 2. exd5 Qxd5 3. Nc3 Qd6 4. Bc4 Nf6 5. Nge2 c6 6. d3 Bg4 7. 0-0 Nbd7 8. Qe1 Nb6 9. Bb3 Nbd5 10. Ne4 Qd8 11. h3 Bxe2 12. Qxe2 e6 13. f4 Be7 14. f5 exf5 15. Nxf6+ Nxf6 16. Re1 Qd7 17. Bd2 Kf8 18. Bc3 Re8 19. Qf2 b6 20. Kh1 h5 21. Re5 Bc5 22. Qxf5 Rxe5 23. Qxe5 Bd6 24. Qg5 Rh6 25. Rf1 Rg6 26. Qe3 h4 27. Be5 Nd5 28. Bxd6+ Qxd6 29. Qe4 Rf6 30. Re1 g5 31. Qh7 Re6 32. Rf1 Rf6 33. Re1 Re6 34. Rf1 1/2-1/2

[Event "Oberliga Nord W 1011"]
[Site "Germany"]
[Date "2011.01.16"]
[Round "5.6"]
[White "Nimtz, Manfred"]
[Black "Petzold, Lutz Lukas"]
[Result "0-1"]
[WhiteElo "2223"]
[BlackElo "2230"]
[PlyCount "120"]
[EventDate "2010.10.10"]
[EventType "team-tourn"]
[EventRounds "9"]
[EventCountry "GER"]
[SourceTitle "EXT 2012"]
[Source "ChessBase"]
[SourceDate "2011.11.24"]
[SourceVersion "1"]
[SourceVersionDate "2011.11.24"]
[SourceQuality "1"]
[WhiteTeam "Braunschweig Gliesmarode"]
[BlackTeam "Goettingen Tempo"]
[WhiteTeamCountry "GER"]
[BlackTeamCountry "GER"]

1. e4 c5 2. Nf3 d6 3. d4 cxd4 4. Nxd4 Nf6 5. Nc3 a6 6. Be2 e5 7. Nb3 Be7 8. 0-0 0-0 9. a4 Be6 10. Be3 Nc6 11. f3 Na5 12. Nxa5 Qxa5 13. Qd2 Kh8 14. Rfd1 Qc7 15. Nd5 Bxd5 16. exd5 a5 17. c4 Nd7 18. b4 axb4 19. Qxb4 b6 20. Rdb1 Rfb8 21. Bd3 g6 22. f4 Bf6 23. Ra2 exf4 24. Bxf4 Be5 25. Be3 Nc5 26. Bf1 Kg8 27. Kh1 Qd8 28. g3 Qe8 29. Qb5 Qc8 30. Qc6 Qf5 31. Re1 Qe4+ 32. Kg1 Bd4 33. Bxd4 Qxd4+ 34. Kh1 Ne4 35. Rae2 f5 36. Bh3 Rf8 37. Rxe4 fxe4 38. Qxd6 Rae8 39. a5 Qc3 40. Rb1 e3 41. Be6+ Kh8 42. Qxb6 Rb8 43. Qxb8 Rxb8 44. Rxb8+ Kg7 45. Bg4 Qxc4 46. h3 Qf1+ 47. Kh2 e2 48. Bxe2 Qxe2+ 49. Kg1 Qd1+ 50. Kh2 Qxd5 51. Rb2 Qxa5 52. Rf2 Qe1 53. Kg2 Qe4+ 54. Kh2 h5 55. h4 g5 56. hxg5 Kg6 57. Rf4 Qe2+ 58. Kh3 Kxg5 59. Rh4 Qf2 60. Rf4 Qg1 0-1

[Event "Oberliga Nord W 1011"]
[Site "Germany"]
[Date "2010.11.14"]
[Round "3.6"]
[White "Jeske, Mark"]
[Black "Petzold, Lutz Lukas"]
[Result "0-1"]
[WhiteElo "2125"]
[BlackElo "2230"]
[PlyCount "142"]
[EventDate "2010.10.10"]
[EventType "team-tourn"]
[EventRounds "9"]
[EventCountry "GER"]
[SourceTitle "EXT 2012"]
[Source "ChessBase"]
[SourceDate "2011.11.24"]
[SourceVersion "1"]
[SourceVersionDate "2011.11.24"]
[SourceQuality "1"]
[WhiteTeam "Uelzen Post"]
[BlackTeam "Goettingen Tempo"]
[WhiteTeamCountry "GER"]
[BlackTeamCountry "GER"]

1. e4 c5 2. Nf3 d6 3. c3 Nf6 4. Bc4 e6 5. d3 Nc6 6. Bb3 Be7 7. 0-0 0-0 8. Re1 e5 9. Nbd2 Be6 10. Bxe6 fxe6 11. Nf1 Qd7 12. d4 cxd4 13. cxd4 h6 14. h3 Rac8 15. a3 Bd8 16. N1h2 exd4 17. Nxd4 Bb6 18. Nhf3 Nxd4 19. Nxd4 Rc4 20. Be3 Nxe4 21. f3 e5 22. Nc2 Nf6 23. Bxb6 axb6 24. Ne3 Rc6 25. Nd5 Nxd5 26. Qxd5+ Qf7 27. Rad1 Qxd5 28. Rxd5 Kf7 29. Re3 Ke6 30. Rb5 Kd7 31. Rd3 Kc7 32. Kh2 Rf4 33. Rbd5 h5 34. b3 h4 35. Rd2 Rf6 36. R5d3 Rc5 37. Re2 g5 38. g3 hxg3+ 39. Kxg3 Rc1 40. Re4 Rh6 41. Kg2 Rh4 42. Rg4 Rxg4+ 43. fxg4 Kc6 44. h4 gxh4 45. g5 Kd7 46. Rh3 Rc2+ 47. Kf1 Ke6 48. Rxh4 Rc7 49. Rh6+ Kd5 50. g6 Rg7 51. Ke2 Ke4 52. Rh4+ Kf5 53. Rb4 Kxg6 54. Rxb6 Rd7 55. Rb4 Kf5 56. Rh4 Ke6 57. Kd3 Kd5 58. Rb4 Rh7 59. Ke3 Kc6 60. Rc4+ Kd7 61. Rb4 Kc8 62. Rb5 Rh4 63. Kd3 Kc7 64. Ra5 Rh3+ 65. Kc4 Kc6 66. Ra8 d5+ 67. Kb4 e4 68. Rd8 Rd3 69. a4 e3 70. Ka5 d4 71. Re8 Rd2 0-1

[Event "BL2-Nord 0910"]
[Site "Germany"]
[Date "2010.04.11"]
[Round "9.5"]
[White "Krause, Ullrich"]
[Black "Petzold, Lutz Lukas"]
[Result "1/2-1/2"]
[WhiteElo "2282"]
[BlackElo "2260"]
[PlyCount "147"]
[EventDate "2009.10.18"]
[EventType "team-tourn"]
[EventRounds "9"]
[EventCountry "GER"]
[SourceTitle "EXT 2011"]
[Source "ChessBase"]
[SourceDate "2010.11.26"]
[SourceVersion "1"]
[SourceVersionDate "2010.11.26"]
[SourceQuality "1"]
[WhiteTeam "Luebeck"]
[BlackTeam "Goettingen"]
[WhiteTeamCountry "GER"]
[BlackTeamCountry "GER"]

1. d4 Nf6 2. Nf3 g6 3. c4 Bg7 4. g3 0-0 5. Bg2 c6 6. 0-0 d5 7. cxd5 cxd5 8. Ne5 Nbd7 9. f4 Nb6 10. Nc3 Ne8 11. a4 e6 12. b3 f6 13. Nf3 a5 14. Ba3 Rf7 15. Qd3 Nd6 16. Rac1 Bf8 17. e3 Bd7 18. g4 Bc6 19. g5 f5 20. Ne5 Rc7 21. Ne2 Rac8 22. Rc2 Bb5 23. axb5 Rxc2 24. Bc5 Ra2 25. Nc3 Rb2 26. Bxb6 Qxb6 27. Na4 Rxg2+ 28. Kxg2 Qxb5 29. Nc5 Qxd3 30. Ncxd3 Ne4 31. Ra1 Rc2+ 32. Kg1 b6 33. b4 Bxb4 34. Nxb4 axb4 35. Rb1 b5 36. Rxb4 Nd6 37. Rb3 Rc7 38. h4 Kg7 39. Nd3 Kf7 40. Kg2 Rc2+ 41. Kg1 Ke7 42. Nc5 Ra2 43. Rb1 Ra8 44. Kg2 Ra5 45. Rb3 Nc4 46. Nb7 Ra2+ 47. Kg1 Rb2 48. Rxb2 Nxb2 49. Kf2 Nc4 50. Nc5 Nd2 51. Ke2 Ne4 52. Nd3 Kd6 53. Kd1 Ke7 54. Kc2 Nd6 55. Nc5 Nc4 56. Kd3 b4 57. Nb3 Kd6 58. Nc5 e5 59. fxe5+ Nxe5+ 60. Ke2 Nd7 61. Nd3 b3 62. Kd2 Nb6 63. Kc3 Nc4 64. Kxb3 Nxe3 65. Nf4 Nc4 66. Kc3 Na5 67. h5 gxh5 68. Nxh5 Nc6 69. Kd3 Ke6 70. Nf4+ Kf7 71. Ke3 Ne7 72. Kf3 Nc6 73. Ke3 Ne7 74. Kf3 1/2-1/2

[Event "BL2-Nord 0910"]
[Site "Germany"]
[Date "2010.02.28"]
[Round "7.7"]
[White "Dimitrijeski, Kristian"]
[Black "Petzold, Lutz Lukas"]
[Result "1-0"]
[WhiteElo "2148"]
[BlackElo "2260"]
[PlyCount "49"]
[EventDate "2009.10.18"]
[EventType "team-tourn"]
[EventRounds "9"]
[EventCountry "GER"]
[SourceTitle "EXT 2011"]
[Source "ChessBase"]
[SourceDate "2010.11.26"]
[SourceVersion "1"]
[SourceVersionDate "2010.11.26"]
[SourceQuality "1"]
[WhiteTeam "Schachfreunde"]
[BlackTeam "Goettingen"]
[WhiteTeamCountry "GER"]
[BlackTeamCountry "GER"]

1. d4 Nf6 2. c4 g6 3. Nc3 d5 4. Nf3 Bg7 5. e3 0-0 6. b4 a5 7. b5 c5 8. dxc5 Ne4 9. Nxe4 Bxa1 10. cxd5 f5 11. Ned2 Bf6 12. Bc4 e6 13. e4 exd5 14. exd5 Qe7+ 15. Qe2 Qxc5 16. 0-0 Nd7 17. Qd3 Rd8 18. Ba3 Qa7 19. d6+ Kh8 20. Re1 Nc5 21. Qd5 Ne4 22. Rxe4 fxe4 23. Nxe4 Bg7 24. Neg5 Rf8 25. Qg8+ 1-0

[Event "BL2-Nord 0809"]
[Site "Germany"]
[Date "2009.03.01"]
[Round "7.5"]
[White "Petzold, Lutz Lukas"]
[Black "Guennigmann, Manuel"]
[Result "1/2-1/2"]
[WhiteElo "2260"]
[BlackElo "2145"]
[PlyCount "106"]
[EventDate "2008.10.05"]
[EventType "team-tourn"]
[EventRounds "9"]
[EventCountry "GER"]
[SourceTitle "CBM 129 Extra"]
[Source "ChessBase"]
[SourceDate "2009.05.05"]
[SourceVersion "2"]
[SourceVersionDate "2009.05.20"]
[SourceQuality "1"]
[WhiteTeam "Goettingen Tempo"]
[BlackTeam "Uelzen Post"]
[WhiteTeamCountry "GER"]
[BlackTeamCountry "GER"]

1. e4 c5 2. Nf3 Nc6 3. c3 d5 4. exd5 Qxd5 5. d4 Bg4 6. Be2 cxd4 7. cxd4 e6 8. Nc3 Qd6 9. Be3 Nf6 10. a3 Be7 11. Qb3 0-0 12. Rd1 Rfd8 13. 0-0 a6 14. Rfe1 b5 15. h3 Bh5 16. g4 Bg6 17. Bf1 Na5 18. Qa2 Rac8 19. Ne5 Bc2 20. Rc1 Bb3 21. Qb1 h6 22. Bg2 Nc4 23. Nxc4 Bxc4 24. Rcd1 b4 25. axb4 Qxb4 26. d5 Nxd5 27. Nxd5 Bxd5 28. Bxd5 Rxd5 29. Rxd5 exd5 30. Rd1 Bf6 31. Qf5 Rb8 32. Rxd5 Qxb2 33. Kg2 Qb1 34. Qf3 Qb7 35. Ra5 Qxf3+ 36. Kxf3 Ra8 37. Bd2 Bd4 38. Ra4 Bb6 39. Be3 Bxe3 40. Kxe3 Re8+ 41. Kd4 Re6 42. f4 g6 43. f5 Rb6 44. fxg6 fxg6 45. Ke5 Kf7 46. Rc4 Re6+ 47. Kd5 Kf6 48. h4 Rb6 49. Rf4+ Ke7 50. Ra4 Rb5+ 51. Kc4 Re5 52. Kd4 Re6 53. Kd5 Rb6 1/2-1/2

[Event "BL2-Nord 0809"]
[Site "Germany"]
[Date "2009.02.01"]
[Round "6.5"]
[White "Lieb, Harald"]
[Black "Petzold, Lutz Lukas"]
[Result "1/2-1/2"]
[WhiteElo "2235"]
[BlackElo "2260"]
[PlyCount "84"]
[EventDate "2008.10.05"]
[EventType "team-tourn"]
[EventRounds "9"]
[EventCountry "GER"]
[SourceTitle "CBM 129 Extra"]
[Source "ChessBase"]
[SourceDate "2009.05.05"]
[SourceVersion "2"]
[SourceVersionDate "2009.05.20"]
[SourceQuality "1"]
[WhiteTeam "Zehlendorf"]
[BlackTeam "Goettingen Tempo"]
[WhiteTeamCountry "GER"]
[BlackTeamCountry "GER"]

1. d4 Nf6 2. g3 d5 3. Bg2 g6 4. c4 c6 5. Nc3 Bg7 6. Nf3 0-0 7. 0-0 Nbd7 8. Bf4 dxc4 9. a4 a5 10. e4 Nb6 11. h3 h6 12. g4 h5 13. g5 Nh7 14. Qe2 Be6 15. Rfd1 Qc8 16. Kh2 Rd8 17. Qe3 Ra6 18. Rd2 Re8 19. d5 cxd5 20. exd5 Bf5 21. Nd4 Bd7 22. Ncb5 Bxb5 23. Nxb5 c3 24. bxc3 Nc4 25. Qd3 Nxd2 26. Qxd2 Rd8 27. Re1 Qd7 28. c4 Nf8 29. Qe3 e6 30. Nc7 exd5 31. Nxa6 d4 32. Qb3 bxa6 33. c5 d3 34. Rd1 Qf5 35. Be3 Ne6 36. c6 Be5+ 37. Kg1 Bc7 38. Qc4 Nxg5 39. Bxg5 Qxg5 40. Rxd3 Rxd3 41. Qxd3 Qc1+ 42. Qf1 Qxf1+ 1/2-1/2

[Event "BL2-Nord 0809"]
[Site "Germany"]
[Date "2008.11.30"]
[Round "3.6"]
[White "Petzold, Lutz Lukas"]
[Black "Bracker, Frank"]
[Result "1/2-1/2"]
[WhiteElo "2260"]
[BlackElo "2275"]
[PlyCount "130"]
[EventDate "2008.10.05"]
[EventType "team-tourn"]
[EventRounds "9"]
[EventCountry "GER"]
[SourceTitle "CBM 129 Extra"]
[Source "ChessBase"]
[SourceDate "2009.05.05"]
[SourceVersion "2"]
[SourceVersionDate "2009.05.20"]
[SourceQuality "1"]
[WhiteTeam "Goettingen Tempo"]
[BlackTeam "Hamburger SK II"]
[WhiteTeamCountry "GER"]
[BlackTeamCountry "GER"]

1. e4 c5 2. Nf3 d6 3. d4 cxd4 4. Nxd4 Nf6 5. Nc3 a6 6. Bd3 Nc6 7. Nb3 e5 8. 0-0 Be7 9. Be3 0-0 10. Nd5 Nxd5 11. exd5 Nb4 12. c4 g6 13. Be2 a5 14. Qd2 Bf5 15. Rfc1 b6 16. a3 Na6 17. Re1 a4 18. Nc1 Nc5 19. Bd1 Qc8 20. Bc2 Bd7 21. Na2 Qa6 22. Qe2 Rac8 23. Nb4 Qb7 24. Rac1 Rfe8 25. Qd1 Ra8 26. Nc6 Bf8 27. Rb1 Qa6 28. Qe2 f5 29. Nb4 Qc8 30. f3 Bg7 31. Kh1 Qb7 32. Qf2 Rec8 33. f4 e4 34. Bd4 Be8 35. Rbc1 b5 36. cxb5 Bxb5 37. h3 Rc7 38. Bxg7 Rxg7 39. Bb1 Qe7 40. Qe3 Qf6 41. Rc3 h6 42. Nc6 Bxc6 43. dxc6 Kh7 44. Ba2 Rc7 45. Re2 Rb8 46. Bd5 Nd3 47. Rxd3 exd3 48. Qxd3 Rxb2 49. Re6 Qh4 50. Re8 Rg7 51. Qd4 Qf2 52. Bg8+ Kh8 53. Bf7+ Kh7 54. Qxf2 Rxf2 55. c7 Rc2 56. Bxg6+ Rxg6 57. c8Q Rxc8 58. Rxc8 Rg3 59. Rc6 Rd3 60. Ra6 Rxa3 61. Rxd6 Kg7 62. Ra6 Ra1+ 63. Kh2 a3 64. Kg3 Ra2 65. Kf3 Ra1 1/2-1/2

[Event "BL2-Nord 0708"]
[Site "Germany"]
[Date "2007.12.08"]
[Round "6.6"]
[White "Petzold, Lutz Lukas"]
[Black "Muse, Drazen"]
[Result "0-1"]
[WhiteElo "2239"]
[BlackElo "2373"]
[PlyCount "72"]
[EventDate "2007.10.21"]
[EventType "team-tourn"]
[EventRounds "9"]
[EventCountry "GER"]
[SourceTitle "EXT 2009"]
[Source "ChessBase"]
[SourceDate "2008.11.26"]
[SourceVersion "1"]
[SourceVersionDate "2008.11.26"]
[SourceQuality "1"]
[WhiteTeam "Goettingen Tempo"]
[BlackTeam "Koenig Tegel"]
[WhiteTeamCountry "GER"]
[BlackTeamCountry "GER"]

1. e4 d5 2. exd5 Nf6 3. d4 Bg4 4. f3 Bf5 5. c4 e6 6. dxe6 Nc6 7. Be3 fxe6 8. Nc3 Bb4 9. Nge2 0-0 10. Ng3 Bg6 11. a3 Bxc3+ 12. bxc3 e5 13. d5 Na5 14. Bc5 Re8 15. Bb4 c5 16. Bxa5 Qxa5 17. Qb3 e4 18. f4 h5 19. f5 Bf7 20. Ne2 e3 21. Nf4 Ne4 22. Bd3 Nd2 23. Qb2 b5 24. cxb5 c4 25. Be2 Re5 26. Qb4 Qd8 27. 0-0-0 Rxf5 28. Ne6 Qxd5 29. Nd4 Rf2 30. Bf3 Nxf3 31. gxf3 Re8 32. Rde1 Bg6 33. Rhg1 Bd3 34. h4 Ra2 35. Qa5 Qc5 36. Qb4 Qe5 0-1

[Event "BL2-Nord 0708"]
[Site "Germany"]
[Date "2007.11.04"]
[Round "2.6"]
[White "Petzold, Lutz Lukas"]
[Black "Christ, Ralf"]
[Result "1-0"]
[WhiteElo "2239"]
[BlackElo "2272"]
[PlyCount "87"]
[EventDate "2007.10.21"]
[EventType "team-tourn"]
[EventRounds "9"]
[EventCountry "GER"]
[SourceTitle "EXT 2009"]
[Source "ChessBase"]
[SourceDate "2008.11.26"]
[SourceVersion "1"]
[SourceVersionDate "2008.11.26"]
[SourceQuality "1"]
[WhiteTeam "Goettingen Tempo"]
[BlackTeam "Luebeck"]
[WhiteTeamCountry "GER"]
[BlackTeamCountry "GER"]

1. e4 c5 2. Nf3 Nc6 3. c3 d5 4. exd5 Qxd5 5. d4 Nf6 6. Be2 e6 7. 0-0 Be7 8. Be3 cxd4 9. cxd4 0-0 10. Nc3 Qd6 11. a3 b6 12. Qa4 Bb7 13. Rac1 Rfd8 14. Rfd1 Nd5 15. Ne4 Qb8 16. Rxc6 Bxc6 17. Qxc6 Rc8 18. Qa4 a6 19. Qb3 Qb7 20. Nc3 Nxe3 21. fxe3 b5 22. Ne5 Qc7 23. Bf3 Rab8 24. Nc6 Rb6 25. d5 Bc5 26. Kh1 e5 27. Ne4 Bd6 28. Ng3 Re8 29. e4 Bf8 30. Qe3 Rb7 31. b4 g6 32. Rc1 Qd7 33. Nf1 Kg7 34. Nd2 Rc7 35. Nb3 h6 36. Nc5 Qc8 37. h3 Bd6 38. Qc3 Kh7 39. Rf1 Kg8 40. Bg4 Qa8 41. Nd7 Rd8 42. Nb6 Qb7 43. Nxd8 Qxb6 44. Nc6 1-0

[Event "Champions Challenge 100th"]
[Site "Playchess.com INT"]
[Date "2005.06.25"]
[Round "1.1"]
[White "Panarin, Mikhail"]
[Black "Petzold, Lutz Lukas"]
[Result "1-0"]
[WhiteElo "2495"]
[BlackElo "2424"]
[PlyCount "45"]
[EventDate "2005.06.25"]
[EventType "k.o. (blitz)"]
[EventRounds "5"]
[EventCountry "GER"]
[SourceTitle "EXT 2007"]
[Source "ChessBase"]
[SourceDate "2006.11.23"]
[SourceVersion "1"]
[SourceVersionDate "2006.11.23"]
[SourceQuality "1"]

1. e4 c5 2. Nf3 d6 3. d4 cxd4 4. Nxd4 Nf6 5. Nc3 a6 6. Be2 e5 7. Nb3 Be6 8. 0-0 Nbd7 9. Kh1 Be7 10. f4 exf4 11. Bxf4 Bxb3 12. axb3 Ne5 13. Qe1 0-0 14. Rd1 Qc8 15. Qg3 Re8 16. Bg5 Ng6 17. h4 h6 18. Bxf6 Bxf6 19. Rxf6 gxf6 20. h5 Kg7 21. hxg6 fxg6 22. Bh5 g5 23. Bxe8 1-0

[Event "Champions Challenge 100th"]
[Site "Playchess.com INT"]
[Date "2005.06.25"]
[Round "1.2"]
[White "Petzold, Lutz Lukas"]
[Black "Panarin, Mikhail"]
[Result "0-1"]
[WhiteElo "2414"]
[BlackElo "2495"]
[PlyCount "98"]
[EventDate "2005.06.25"]
[EventType "k.o. (blitz)"]
[EventRounds "5"]
[EventCountry "GER"]
[SourceTitle "EXT 2007"]
[Source "ChessBase"]
[SourceDate "2006.11.23"]
[SourceVersion "1"]
[SourceVersionDate "2006.11.23"]
[SourceQuality "1"]

1. e4 c6 2. d4 d5 3. Nc3 dxe4 4. Nxe4 Bf5 5. Ng3 Bg6 6. h4 h6 7. f4 e6 8. Nf3 Nd7 9. h5 Bh7 10. Bd3 Bxd3 11. Qxd3 Ngf6 12. Bd2 Bd6 13. 0-0-0 0-0 14. Ne5 c5 15. Bc3 Nd5 16. Ne4 cxd4 17. Qxd4 Nxe5 18. fxe5 Be7 19. g4 b5 20. Kb1 Qb6 21. Qxb6 axb6 22. Bd4 b4 23. c4 bxc3 24. Nxc3 Nxc3+ 25. Bxc3 Bc5 26. Rd7 Ra4 27. g5 hxg5 28. a3 Rh4 29. Rxh4 gxh4 30. Be1 h3 31. Rd3 h2 32. Rh3 Rd8 33. Kc2 Rd5 34. Bg3 Bd4 35. Rxh2 Bxe5 36. Bxe5 Rxe5 37. h6 g5 38. Kc3 g4 39. Kd4 Rg5 40. h7+ Kh8 41. Ke3 g3 42. Rg2 Kxh7 43. Kf4 Kg6 44. Rxg3 e5+ 45. Kf3 Rxg3+ 46. Kxg3 Kf5 47. a4 Ke6 48. b4 Kd5 49. Kf3 f5 0-1

[Event "Niedersachsen-ch U18"]
[Site "Hambuehren"]
[Date "2002.??.??"]
[Round "3"]
[White "Foerster, Tobias"]
[Black "Petzold, Lutz Lukas"]
[Result "1/2-1/2"]
[WhiteElo "1779"]
[BlackElo "1934"]
[PlyCount "56"]
[EventDate "2002.03.??"]
[EventType "swiss"]
[EventRounds "7"]
[EventCountry "GER"]
[SourceTitle "EXT 2003"]
[Source "ChessBase"]
[SourceDate "2002.11.25"]
[SourceVersion "1"]
[SourceVersionDate "2002.11.25"]
[SourceQuality "1"]

1. e4 c5 2. c3 d5 3. exd5 Qxd5 4. d4 Nf6 5. Nf3 e6 6. Bd3 cxd4 7. cxd4 Nc6 8. 0-0 Be7 9. Nc3 Qd8 10. a3 0-0 11. Be3 b6 12. Bc2 Ba6 13. Re1 Rc8 14. Bb1 Nd5 15. Qc2 g6 16. Qa4 Bb7 17. Ba2 Na5 18. Bh6 Re8 19. Ne5 Nxc3 20. bxc3 Bg5 21. Bxg5 Qxg5 22. f3 Nc6 23. Rad1 Kg7 24. Kh1 Re7 25. Qb3 Nxe5 26. Rxe5 Qf4 27. c4 Rd7 28. Qe3 Qxe3 1/2-1/2